| 000 | 00375nam a22001577a 4500 | ||
|---|---|---|---|
| 003 | OSt | ||
| 005 | 20160803121516.0 | ||
| 008 | 160803b xxu||||| |||| 00| 0 eng d | ||
| 020 | _a0131018612 | ||
| 040 | _cN/A | ||
| 100 | _aKoter philip | ||
| 245 | _aPrinciples of marketing | ||
| 250 | _a10th ed | ||
| 260 |
_aNew Jersey _bPearson Education LTD _c2003 |
||
| 942 |
_2lcc _cBK |
||
| 999 |
_c254917 _d254916 |
||